000 00643nam a22001817a 4500
003 UA-OsUOA
001 18742
007 ta
008 20040607b un ||||| |||| 00| 0 ukr d
100 _aЯкубчик О.
942 _cSA
040 _aUA-OsUOA
_cUA-OsUOA
_dUA-OsUOA
245 _aСьогодні - ліцей, а завтра - коледж?
_b[Здолбунів. проф. ліцей залізн. транспорту відзначив своє 60-річчя]
300 _aС.7
955 _a0
773 0 _w0
_tНове життя
_dЗдолбунів
_d2004
_g№39/40/22 трав./
650 7 _aКраєзнавча робота
_2UDC
999 _c304913
_d304913